| 000 | 00413nam a22001697a 4500 | ||
|---|---|---|---|
| 003 | CEME | ||
| 005 | 20210628202048.0 | ||
| 008 | 210113b xxu||||| |||| 00| 0 eng d | ||
| 020 | _a9789698535179 | ||
| 040 | _c. | ||
| 082 | _a891.4393 KHA | ||
| 100 |
_aKhaleeq Ahmed Sidqui _958113 |
||
| 245 | _aJamal ul amsaal | ||
| 260 |
_aISLAMABAD _bNUST PUBLISHING ISLAMABAD _c2014 |
||
| 300 | _a444P | ||
| 942 |
_cBK _2ddc |
||
| 999 |
_c568327 _d568327 |
||